00808nam a2200193 a 450000100100000000500170001000800410002702000150006804000250008310000380010824501010014626000690024730000210031649000530033750000420039083000600043295201050049299900170059700003889220201002031417.0130501s2001 dr 000 0 spa d a9993482870 aDO-SdBNPbspacBNPHU1 aGonzález Tapia, Carlisle91792910aMorfosintaxis hispánica :b(un enfoque actual de la gramática) /cCarlisle González Tapia. aSanto Domingo :bUniversidad Autónoma de Santo Domingo,c2001. a154 p. ;c28 cm.1 aUniversidad Autónoma de Santo Domingovv. 1011 aIncluye notas al pie de las páginas 0aUniversidad Autónoma de Santo Domingovv. 1011917164 0010718PDaPDbPDcCTd2013-05-01iLF1l0o p38892-10r2020-06-25w2020-06-25yLFPDZNo se presta c38382d38382